00605nam a2200169Ia 4500008004100000041001200041082001600053100001900069245007500088260003600163300000900199650000700208700001500215942000700230999001500237952018300252221030s9999 xx 000 0 und d aEnglish a105.23bCha aA. Chakrabarti 2aA Text Book On Power System Engineeringcby A. Chakrabarti, M. L. Soni bDhanpat Rai PubaNew Delhic235 a1012 aEE aM. L. Soni cBK c1542d1542 pBE 6174g235.00l1o105.23 Char2025-01-23 00:00:00s2023-04-15w2022-10-30yBK003Print4070aMIETLIBbMIETLIBcBL-Academic Block C, FL-2, CUP-34, SH-4, R-4d2002-12-1710HBE